logo

HEROISMO EN EL CIELO LAUREADOS DE SAN FERNANDO (Record no. 43210)

MARC details
000 -CABECERA
campo de control de longitud fija 00487nam a2200181Ia 4500
001 - NÚMERO DE CONTROL
campo de control 27035
005 - FECHA Y HORA DE LA ÚLTIMA TRANSACCIÓN
campo de control 20260407083216.0
008 - CÓDIGOS DE INFORMACIÓN DE LONGITUD FIJA
campo de control de longitud fija 260115s9999 xx 000 0 und d
010 ## - NÚMERO DE CONTROL DE LA BIBLIOTECA DEL CONGRESO
Número de control de LC 43210
035 ## - NÚMERO DE CONTROL DEL SISTEMA
Número de control de sistema 17645
090 ## - LOCALMENTE ASIGNADO TIPO-LC NÚMERO DE CLASIFICACIÓN (OCLC); NÚMERO DE CLASIFICACIÓN LOCAL (RLIN)
Número de clasificación (OCLC) (R) ; Numero de clasificación CALL (RLIN) (NR) 358.4:179.6
100 ## - PUNTO DE ACCESO PRINCIPAL - NOMBRE DE PERSONA
Nombre de persona HERRERA ALONSO EMILIO
245 #0 - MENCIÓN DE TÍTULO
Título HEROISMO EN EL CIELO LAUREADOS DE SAN FERNANDO
260 ## - PUBLICACIÓN, DISTRIBUCIÓN, ETC. (PIE DE IMPRENTA)
Nombre del editor distribuidor etc. SERVICIO HISTORICO Y CULTURAL DEL EJERCITO DEL AIRE
Fecha de publicación distribución etc. 1999
630 ## - PUNTO DE ACCESO ADICIONAL DE MATERIA--TÍTULO UNIFORME
Título uniforme AVIACION MILITAR
650 ## - PUNTO DE ACCESO ADICIONAL DE MATERIA--TÉRMINO DE MATERIA
Término de materia o nombre geográfico como elemento inicial AVIACION MILITAR
942 ## - ELEMENTOS DE PUNTO DE ACCESO ADICIONAL (KOHA)
Tipo de ítem Koha Monografías
Holdings
Estado de retiro Estado de pérdida Estado dañado No para préstamo Código de colección Localización permanente Ubicación/localización actual Fecha de adquisición Total de préstamos Signatura topográfica completa Código de barras Fecha visto por última vez Número de copia Precio válido a partir de Tipo de ítem Koha Nota pública
          Servicio de Estudios Históricos Servicio de Estudios Históricos 15/04/2002   358.4:179.6 23925 05/02/2026 1 05/02/2026 Monografías 30 CTMS. 114 PAGS. MADRID, (DOS EJEMPLARES)